=LDR 00000nam 2200000 4500 =001 INLIS000000000032251 =005 20130612134251 =008 ***********************************ind** =035 ##$$0010-061300000032251 =041 ##$$a ind =082 ##$$a 621.380 28 =090 ##$$a 621.380 28, Zul m =100 ##$$a Zulfikar, Muhammad Khalid =245 ##$$a Mari Mengenal Alat-Alat Telekomunikasi Mutakhir , Muhammad Khalid Zulfikar =260 ##$$a 2008 $b Bandung =300 ##$$a 72 hlm., Illus., 25 cm =650 ##$$a Telekomunikasi Alat dan Perlengkapan =700 ##$$a Permana, Andika Cakra =850 ##$$a NBPNMAT